Quick math quiz only a short quiz 2 - Statistics

General Stats
  • This quiz has been taken 25 times
  • The average score is 14 of 15
Answer Stats
Hint Answer % Correct
11 - 11 = 0
100%
0 x 11 = 0
100%
11 : 11 = 1
100%
111 : 111 1
100%
101 + 69 = 170
100%
11 + 11 = 22
100%
11 x 11 = 121
95%
85 + 79 = 164
95%
3 x 69 = 207
95%
79 x 3 = 237
95%
101 - 69 = 32
95%
172 : 4 = 43
95%
12 x 15 = 180
90%
15 x 16 = 240
90%
155 - 74 = 81
90%
No matching quizzes found
Score Distribution
Percent of People with Each Score
Percentile by Number Answered
Your Score History
You have not taken this quiz